| 000 | 02021nam a2200349 i 4500 | ||
|---|---|---|---|
| 001 | 768714001 | ||
| 003 | CO-MdFUSB | ||
| 005 | 20240531062749.0 | ||
| 007 | ta | ||
| 008 | 810521t19061905enk 000 0 eng d | ||
| 020 | _a[No incluye ISBN] | ||
| 040 |
_aODC _cCO-MdFUSB _dCBC _bspa _erda |
||
| 041 | _aeng | ||
| 082 |
_223 _a230.011 _bES78 |
||
| 090 | _aBR50 | ||
| 245 | 1 | 0 |
_aEssays on some theological questions of the day _c/ members of the University of Cambridge ; editado por Henry Barclay Swete. |
| 264 | 1 |
_aLondon : _bMacmillan and Co. Limited, _c[1905] |
|
| 264 | 4 | _c© 1905 | |
| 300 |
_a599 páginas ; _c24 cm. |
||
| 336 |
_2rdacontent _atexto _btxt |
||
| 337 |
_2rdamedia _asin mediación _bn |
||
| 338 |
_2rdacarrier _avolumen _bnc |
||
| 490 | _aCambridge theological essays. | ||
| 505 | _aPrefacio. -- 1. El punto de vista cristiano / William Cunningham. -- 2. El ser de Dios, a la luz de la ciencia física / FR Tennant. -- 3. El ser de Dios, a la luz de la filosofía / Alfred Caldecott. -- 4. El origen del hombre y su lugar en la naturaleza / WLH Duckworth.-- 5. El pecado y la necesidad de expiación / EH Askwith.-- 6. La idea de la revelación, a la luz del conocimiento y la investigación modernos / JM Wilson. -- 7. Oración, en relación con la idea de ley / AW Robinson. -- 8. La evidencia espiritual e histórica de los milagros / JOF Murray. -- 9. El valor permanente del Antiguo Testamento / WE Barnes. -- 10. Los evangelios, a la luz de la crítica histórica / EH Chase. -- 11. Cristo en el Nuevo Testamento: El retrato primitivo / AJ Mason. -- 12. Cristo en la Iglesia: El testimonio de la historia / FJ Foakes-Jackson. -- 13. Doctrinas cristianas y su significado ético / JF Bethune-Baker. -- 14. El ideal cristiano y la esperanza cristiana / HM Butler. | ||
| 563 | _aTapa dura | ||
| 650 | 7 |
_aCristianismo _2 _922 |
|
| 650 | 7 |
_aTeología doctrinal _9179 |
|
| 700 |
_95014 _aSwete, Henry Barclay, _eeditor |
||
| 942 | _cBK | ||
| 945 | _aJTF-925 | ||
| 999 |
_c66659 _d66659 |
||